DORK THE INCREDIBLE ADVENTURES OF ROBIN (Record no. 17125)

MARC details
000 -LEADER
fixed length control field 00335nam a2200133Ia 4500
008 - FIXED-LENGTH DATA ELEMENTS--GENERAL INFORMATION
fixed length control field 240624s9999 xx 000 0 und d
041 ## - LANGUAGE CODE
Language code of text/sound track or separate title eng
082 ## - DEWEY DECIMAL CLASSIFICATION NUMBER
Classification number 823 VAD
100 ## - MAIN ENTRY--PERSONAL NAME
Personal name VADUKUT SIDIN
245 ## - TITLE STATEMENT
Title DORK THE INCREDIBLE ADVENTURES OF ROBIN
260 ## - PUBLICATION, DISTRIBUTION, ETC.
Date of publication, distribution, etc. 2010
Place of publication, distribution, etc. New Delhi
Name of publisher, distributor, etc. Penguin Books India
300 ## - PHYSICAL DESCRIPTION
Extent 240 : p.
365 ## - TRADE PRICE
Currency code RS
Holdings
Withdrawn status Lost status Damaged status Not for loan Home library Current library Shelving location Date acquired Source of acquisition Cost, normal purchase price Total Checkouts Full call number Barcode Date last seen Date last checked out Copy number Price effective from Koha item type
        IMTN IMTN Rack 41-A 06/07/2011 FK 119.00 2 823 VAD 17125 10/16/2025 10/07/2025 1 06/24/2024 Books
Designed & Maintained by: LRC IMT Nagpur Contact: lrc@imtnag.ac.in© 2024. All Rights Reserved.